00883nam a2200217Ia 450000500170000000800400001702000180005705000210007508200250009610000390012124501180016025000180027826000420029630000180033850000220035650400330037850501680041165000310057965000250061065000300063520231102151105.0120626s2008 mx 000 0 spa d a9789682483066 aLB2395bL69 2008 a370.1523 bL68e 2008 aLozano Rodríguez, Armandoeautor aEstilos de aprendizaje y enseñanzab : un panorama de la estílistica educativac / Armando Lozano Rodríguez a2a. edición aMéxico b : Trillas ; ITESMc, 2008 a116 páginas aReimpresion: 2011 aBibliografía (pp.115-116)  aLas diferencias individuales y los estilos Teorías sobre estilos cognitivos Teorías sobre los estilos de aprendizaje Teorías sobre los estilos de enseñanza14aEDUCACIÓN xINNOVACIONES24aEDUCACIÓN SUPERIOR34aENSEÑANZA UNIVERSITARIA